| 000 | 004580000a22001690004500 | ||
|---|---|---|---|
| 003 | MACL | ||
| 005 | 20151230120336.0 | ||
| 008 | 151230b xxu||||| |||| 00| 0 eng d | ||
| 040 |
_aMACL _cMACL |
||
| 041 | _aEnglish | ||
| 082 | _a301/WAL | ||
| 100 |
_aWaley, S D _924643 |
||
| 245 | _aA Memoir And An Account of His Visits To India Edwin Montagu | ||
| 260 |
_bAsia Publishing House _c1964 |
||
| 650 |
_asociology Science _917652 |
||
| 942 |
_cBK _k301/Wal _2ddc |
||
| 999 |
_c35740 _d35740 |
||